000 00887nam a2200301Ia 4500
001 3041
003 IT-RoPAU
008 130308s9999 xx 000 0 und d
040 _aIT-RoPAU
040 _cIT-RoPAU
041 _aFRANCESE
100 _aBarthes Roland
100 _gCodice Aut. SPICS: 9514
245 _aMessage photographique (Le)
245 _bCommunication Audiovisuelle (La)
250 _a1a ed.
260 _aSHERBROOKE
260 _bEditions Paulines
260 _c1969 [1° Ed.:1969 - Ed.Ling.Originale:1969]
300 _a"22 p. (prefazione: no ; testo: 22 [pagine: 61-82])"
500 _aMessaggio fotografico Paradossso fotografico Connotazione testo e Immagineinsignificanza Fotografica
650 _aTEORIA DELLA COMUNICAZIONE SOCIALE
650 _eCodice materia Spics: 3802
942 _cBK
957 _71
999 _c43569
_d43569
999 _bSI
999 _g1